|
|
|
|
| LEADER |
00760nam a2200157Ia 4500 |
| 001 |
UIH_01560 |
| 008 |
230809s9999 xx 000 0 und d |
| 082 |
|
|
|a 660.2
|
| 100 |
|
|
|a Lê, Ninh Quang Hiếu
|
| 245 |
|
0 |
|a Nghiên cứu chế tạo xúc tác trên cơ sở Niken cho phản ứng nhiệt phân Metan thành Hydro ở nhiệt độ thấp : Luận văn thạc sĩ - Chuyên ngành: Công nghệ Kỹ thuật hóa học
|
| 245 |
|
0 |
|c Lê, Ninh Quang Hiếu
|
| 260 |
|
|
|b Trường Đại học Công nghiệp Tp. Hồ Chí Minh
|
| 260 |
|
|
|c 2020
|
| 650 |
|
|
|a Kỹ thuật hóa học
|
| 927 |
|
|
|a Luận văn
|
| 980 |
|
|
|a Trung tâm Thư viện - Trường Đại học Công nghiệp TP. Hồ Chí Minh
|